000 01610nam2a22002531 4500
001 rc\3348456
005 20250609215519.0
021 _aRU
_bРг6406-76
035 _a(NLR Aleph) 007520241
090 _a7723004
_c7723004
100 _a20130115d1975 |||y0rusy50 ca
101 0 _arus
102 _aRU
105 _ay z |||||
200 1 _aТакелажные работы
_eВып. 4
_fМ-во монтажных и спец. строит. работ СССР. Упр. труда и заработной платы. ЦНИБ
210 _d1975
_aБ. м.
215 _a9 с.
461 0 _1001rc\2340092
_12001#$a[Типовые нормы и расценки на строительные, монтажные и ремонтно-строительные работы]$e[Сб.] Т. 40$fМ-во мелиорации и водного хоз-ва СССР. Всесоюз. головной проектно-технол. ин-т "Союзоргтехводстрой"$vСб. Т-10
_96286577
_cМосква
_d1977
_fМ-во мелиорации и водного хоз-ва СССР. Всесоюз. головной проектно-технол. ин-т "Союзоргтехводстрой"
_nБ. и.
_o[Сб.] Т. 40
_t[Типовые нормы и расценки на строительные, монтажные и ремонтно-строительные работы]
_vСб. Т-10
606 _aТакелажные работы
_jНормы и расценки (сб. Т-10)
_2psbo
801 0 _aRU
_bNLR
_gpsbo
801 1 _aRU
_bELAR
_2rusmarc
852 _aNLR
_jПт 80.1/1037
942 _cBOOK
980 _aNB